Fictional Killers - Statistics

General Stats
  • This quiz has been taken 31 times
    3 since last reset
  • The average score is 12 of 16
Answer Stats
Picture Answer % Correct
Art the Clown
100%
Chucky
100%
Freddy Krueger
100%
Ghostface
100%
Hannibal Lecter
100%
Jason Voorhees
100%
Leatherface
100%
Michael Myers
100%
Anton Chigurh
67%
Hans Beckert
67%
John Doe
67%
Norman Bates
67%
Patrick Bateman
67%
Dexter Morgan
33%
Frankie Madson
33%
Mr. Yang
33%
No matching quizzes found
Score Distribution
Percent of People with Each Score
Percentile by Number Answered
Your Score History
You have not taken this quiz since the last reset